| 000 | 00771nam a22002177a 4500 | ||
|---|---|---|---|
| 003 | OSt | ||
| 005 | 20190417104357.0 | ||
| 008 | 180312b xxu||||| |||| 00| 0 spa d | ||
| 040 | _cPJ | ||
| 100 |
_93370 _aGurfinkel de Wendy, Lilian N. |
||
| 245 | 1 | 0 |
_aClasificación de las nulidades : _bfrente al art. 1051 del Código Civil / _cLilian N. Gurfinkel de Wendy. |
| 260 |
_aBuenos Aires : _bDepalma, _c1976. |
||
| 300 |
_axxxii, 144 p. _c23 cm. |
||
| 500 | _aNotas y citas a pie de página. | ||
| 504 | _aBibliografía: p. 143-144. | ||
| 650 | 0 |
_aDERECHO PROCESAL CIVIL _91148 |
|
| 650 | 0 |
_aACTOS Y DILIGENCIAS PROCESALES _92150 |
|
| 650 | 0 |
_aNULIDAD PROCESAL _92151 |
|
| 700 |
_92281 _aMolinario, Alberto Domingo _eprologuista |
||
| 942 |
_2udc _cLIB _h347.959 _iGUR |
||
| 999 |
_c2614 _d2614 |
||